| 000 | 01037nam a2200253 a 4500 | ||
|---|---|---|---|
| 005 | 20200104041749.0 | ||
| 008 | 160816b ck d||||r|||| 00| 0 spa d | ||
| 040 |
_aCO-BoIAVH _cCO-BoIAVH |
||
| 041 | 0 | _aspa | |
| 044 | _ack | ||
| 082 | 0 | 4 |
_a333.91816 _bC57g |
| 245 | 0 | 0 | _aClaves para la gestión local del páramo / |
| 260 |
_aBogotá?, Colombia : _bInstituto de Investigación de Recursos Biológicos Alexander von Humboldt, _c[s.f.]. |
||
| 300 |
_a20 páginas sin numerar ; _bgráficas y tablas ; _c28 x 22 cm. |
||
| 500 | _aEncabezado: Proyecto páramos: Biodiversidad y recursos hídricos de los andes del norte | ||
| 504 | _aIncluye referencias bibliográficas. | ||
| 650 | 2 | 6 |
_aPáramos _zColombia |
| 650 | 2 | 6 |
_aPáramos _xconservación |
| 650 | 2 | 6 | _aServicios de los ecosistemas |
| 650 | 2 | 6 |
_aPolítica ambiental _zColombia |
| 650 | 2 | 6 | _aOrdenación de recursos |
| 710 | 2 | _aInstituto de Investigación de Recursos Biológicos Alexander von Humboldt | |
| 942 |
_2ddc _cFolleto |
||
| 999 |
_c18963 _d18963 |
||